000 00636nam a22002177a 4500
003 UA-OsUOA
001 44510
007 ta
008 20070227b un ||||| |||| 00| 0 ukr d
100 _aКняжанський В.
090 _a32
_bК-11
942 _cSA
040 _aUA-OsUOA
_bukr
_cUA-OsUOA
_dUA-OsUOA
245 _a15 років партнерства. Агенство США з міжнародного розвитку (USAID) підбиває підсумки роботи в Україні
300 _aС.5
955 _a0
041 _aukr
080 _a32
773 0 _w44509
650 7 _a32 Політика
_2UDC
999 _c330626
_d330626